[Event "62nd ch-IND 2025"]
[Site "Guntur IND"]
[Date "2025.09.26"]
[Round "6.16"]
[White "Pranay Akula"]
[Black "Jain, Kashish Manoj"]
[Result "0-1"]
[BlackTitle "IM"]
[WhiteElo "2075"]
[BlackElo "2398"]
[WhiteFideId "25131001"]
[BlackFideId "35081098"]
[EventDate "2025.09.21"]

1. e4 e5 2. Nf3 Nc6 3. Bb5 a6 4. Ba4 f5 5. d4 exd4 6. e5 b5 7. Bb3 Bb7 8. O-O
Na5 9. Re1 c5 10. Bxg8 Rxg8 11. c3 Qb6 12. Bf4 g5 13. Nxg5 O-O-O 14. f3 Qg6 15.
a4 h6 16. axb5 hxg5 17. Bg3 Nc4 18. bxa6 Bd5 19. cxd4 cxd4 20. e6 Bc5 21. b4 Ba7
22. Nd2 f4 23. Bf2 Ne3 24. Qa4 Qxe6 25. b5 Qb6 26. Rec1+ Kb8 27. Nb3 g4 28. Nc5
gxf3 29. g3 fxg3 30. Bxg3+ Rxg3+ 31. hxg3 Qd6 32. Kf2 0-1

[Event "62nd ch-IND 2025"]
[Site "Guntur IND"]
[Date "2025.09.26"]
[Round "6.17"]
[White "Alluri Bhaskara Ratna Shanmukha Reddy"]
[Black "Manish Anto, Cristiano F"]
[Result "0-1"]
[BlackTitle "IM"]
[WhiteElo "2097"]
[BlackElo "2368"]
[WhiteFideId "33325855"]
[BlackFideId "25095927"]
[EventDate "2025.09.21"]

1. d4 Nf6 2. Nc3 d5 3. Bf4 c5 4. e4 cxd4 5. Qxd4 Nc6 6. Qa4 d4 7. O-O-O Bd7 8.
Nd5 e5 9. Bg5 Be7 10. Bxf6 Bxf6 11. Qa3 Be7 12. Nxe7 Qxe7 13. Qxe7+ Kxe7 14. Bc4
Rhc8 15. Kb1 a5 16. Ne2 Nb4 17. Bd3 Ba4 18. Rd2 Rc7 19. b3 Bd7 20. a3 Nc6 21.
Kb2 a4 22. b4 Rac8 23. Rc1 Nd8 24. c4 b6 25. Ng3 Nb7 26. Nf1 Nd6 27. Rdc2 f5 28.
f3 fxe4 29. fxe4 Be6 30. Nd2 h6 31. Ka1 g5 32. c5 bxc5 33. bxc5 Nb7 34. c6 Nd8
35. Bb5 Kd6 36. Nc4+ Bxc4 37. Rxc4 Nxc6 38. Bxa4 Na5 39. Rxc7 Rxc7 40. Rxc7 Kxc7
41. Bb5 Nb3+ 42. Kb2 Nc5 43. a4 Kb6 44. Ka3 Ka5 45. Bc6 d3 46. Kb2 Kb4 47. a5
Nb3 48. Bb5 Kxb5 49. Kxb3 Kxa5 50. Kc3 h5 51. Kxd3 Kb4 52. g4 hxg4 53. Ke3 Kc4
54. Kf2 Kd4 55. Kg3 Kxe4 56. Kxg4 Kd3 57. Kxg5 e4 58. h4 e3 59. h5 e2 60. h6
e1=Q 0-1

[Event "62nd ch-IND 2025"]
[Site "Guntur IND"]
[Date "2025.09.26"]
[Round "6.18"]
[White "Mahindrakar, Indrajeet"]
[Black "Viani, Antonio Dcunha"]
[Result "1/2-1/2"]
[BlackTitle "IM"]
[WhiteElo "2074"]
[BlackElo "2355"]
[WhiteFideId "35023721"]
[BlackFideId "5027330"]
[EventDate "2025.09.21"]

1. d4 Nf6 2. Nc3 d5 3. Bf4 c5 4. e3 cxd4 5. exd4 a6 6. Bd3 Nc6 7. Nce2 Bg4 8. c3
e6 9. f3 Bh5 10. Ng3 Bg6 11. N1e2 Bd6 12. Bxd6 Qxd6 13. O-O b5 14. b4 O-O 15. a4
Na7 16. f4 bxa4 17. Rxa4 Nb5 18. Qd2 Bxd3 19. Qxd3 Qc6 20. Ra5 g6 21. Rc1 Rfc8
22. Qd1 h5 23. Qd3 Qc4 24. Qe3 Rc6 25. h3 h4 26. Nf1 Ne4 27. Nd2 Nxd2 28. Qxd2
Rac8 29. Ra2 Nd6 30. Ra3 Qb5 31. Ra5 Qb7 32. Qe1 Nb5 33. Ra2 Qe7 34. Kh2 R8c7
35. Qf2 Nd6 36. Qe1 Ne4 37. Ra3 Kg7 38. Rca1 Qf6 39. Rxa6 Rxc3 40. Nxc3 Qxf4+
41. Kg1 Rxc3 42. R6a3 Rc2 43. R3a2 Rc4 44. b5 Nc3 45. Rb2 Qxd4+ 46. Kh1 Ne4 47.
Rab1 Qb6 48. Qxh4 Nc3 49. Qe1 Nxb1 50. Rxb1 d4 51. Qe5+ f6 52. Qe2 Rc5 53. Qb2
e5 54. Qb4 d3 55. Kh2 Qd6 56. Qe4 f5 57. Qb7+ Rc7 58. Qa6 Qd4 59. Qe6 Qf4+ 60.
Kh1 Kh6 61. Qf6 Rc1+ 62. Rxc1 Qxc1+ 63. Kh2 Qf4+ 64. Kh1 Qf1+ 65. Kh2 Qf4+ 66.
Kh1 d2 67. Qh8+ Kg5 68. Qd8+ Kh5 69. Qh8+ Qh6 70. Qd8 e4 71. g3 Qg5 72. Qh8+ Qh6
73. Qd8 Qg5 74. Qh8+ Qh6 1/2-1/2

[Event "62nd ch-IND 2025"]
[Site "Guntur IND"]
[Date "2025.09.26"]
[Round "6.19"]
[White "Sharnarthi Shlok"]
[Black "Subhayan, Kundu"]
[Result "0-1"]
[BlackTitle "IM"]
[WhiteElo "2046"]
[BlackElo "2352"]
[WhiteFideId "25977776"]
[BlackFideId "5094801"]
[EventDate "2025.09.21"]

1. e4 e5 2. Nf3 Nc6 3. Bc4 Nf6 4. d3 h6 5. c3 d6 6. O-O g5 7. Re1 Bg7 8. b4 O-O
9. b5 Ne7 10. h4 g4 11. Nh2 h5 12. Bb3 Ng6 13. g3 d5 14. Ba3 Re8 15. Nd2 Be6 16.
Nhf1 Qd7 17. exd5 Bxd5 18. c4 Be6 19. Ne4 Rad8 20. Nc5 Qc8 21. Qc2 Bf5 22. Ne4
Nf8 23. Bxf8 Kxf8 24. Ne3 Bg6 25. Nd5 Nxe4 26. dxe4 c6 27. bxc6 bxc6 28. Ne3 Rd4
29. Nf5 Bxf5 30. exf5 e4 31. Ba4 Qa6 32. Bb3 Qa5 33. c5 Re5 34. Rad1 Rxc5 35.
Qe2 Rxf5 36. Kh1 Qc3 37. Rc1 Qf3+ 38. Qxf3 Rxf3 39. Re2 Rd6 40. Ba4 Bd4 41. Rxc6
Rxc6 42. Bxc6 Rxf2 43. Rxe4 Bb6 44. Re5 f5 45. Bd7 f4 46. Rf5+ Ke7 47. Ba4 Rf1+ 0-1

[Event "62nd ch-IND 2025"]
[Site "Guntur IND"]
[Date "2025.09.26"]
[Round "6.20"]
[White "Devesh, Anand Naik"]
[Black "Nitin, S."]
[Result "0-1"]
[BlackTitle "IM"]
[WhiteElo "2016"]
[BlackElo "2316"]
[WhiteFideId "45005702"]
[BlackFideId "5018277"]
[EventDate "2025.09.21"]

1. e4 g6 2. d4 Bg7 3. Nc3 d6 4. Be3 a6 5. a4 Nf6 6. Be2 Nc6 7. d5 Nb4 8. Nf3 a5
9. O-O O-O 10. Nd4 c6 11. Bf3 e5 12. dxe6 fxe6 13. Be2 e5 14. Nf3 h6 15. Qd2 Ng4
16. Rad1 Nxe3 17. fxe3 Rf6 18. Bc4+ Kh7 19. Ne1 Bg4 20. Rxf6 Qxf6 21. Nf3 Rd8
22. Rf1 Qe7 23. Qe2 d5 24. Bd3 Nxd3 25. cxd3 dxe4 26. dxe4 Be6 27. Rd1 Rf8 28.
Rf1 Qc5 29. Nd2 Rd8 30. Rd1 Qb4 31. Rb1 Rd7 32. Nf3 Qc5 33. Re1 Bc4 34. Qf2 b5
35. axb5 cxb5 36. h4 b4 37. Nd5 Bxd5 38. exd5 e4 39. Nd4 Bxd4 40. exd4 Qxd5 41.
Ra1 h5 42. Qf6 e3 43. Re1 Qxd4 44. Qxd4 Rxd4 45. Rxe3 Rxh4 46. Re7+ Kh6 47. Ra7
Rd4 48. Rxa5 Rd2 49. Rb5 Rxb2 50. Kh2 Rb3 51. Kg1 h4 52. Kh2 g5 53. g4 hxg3+ 54.
Kg2 Kg6 55. Rb6+ Kf5 56. Rb8 Kg4 57. Rb7 Rb2+ 58. Kg1 Kf3 59. Rf7+ Ke3 60. Re7+
Kd3 0-1

[Event "62nd ch-IND 2025"]
[Site "Guntur IND"]
[Date "2025.09.26"]
[Round "6.21"]
[White "Deshmukh, Anup"]
[Black "Vignesh, N R"]
[Result "1-0"]
[WhiteTitle "IM"]
[BlackTitle "GM"]
[WhiteElo "2099"]
[BlackElo "2516"]
[WhiteFideId "5000564"]
[BlackFideId "25012215"]
[EventDate "2025.09.21"]

1. c4 e6 2. Nc3 d5 3. e3 Nf6 4. Nf3 a6 5. b3 b6 6. Bb2 Bb7 7. Be2 Bd6 8. O-O O-O
9. d4 Nbd7 10. Qc2 Re8 11. Rad1 h6 12. h3 c5 13. dxc5 bxc5 14. Rd2 Qc7 15. Rfd1
Rad8 16. cxd5 exd5 17. Nxd5 Nxd5 18. Rxd5 Bxd5 19. Rxd5 Ne5 20. Bxe5 Bxe5 21.
Rxc5 Qd6 22. Rc6 Qd5 23. Rxa6 Rc8 24. Bc4 Red8 25. Kf1 Bb8 26. Nd4 Qb7 27. Ra5
Ba7 28. Nf5 Rc6 29. Qe4 Rb6 30. Qg4 1-0

[Event "62nd ch-IND 2025"]
[Site "Guntur IND"]
[Date "2025.09.26"]
[Round "6.22"]
[White "Gyana, Sai Santhosh M"]
[Black "Dhulipalla, Bala Chandra Prasad"]
[Result "0-1"]
[BlackTitle "IM"]
[WhiteElo "2098"]
[BlackElo "2446"]
[WhiteFideId "25611135"]
[BlackFideId "25005812"]
[EventDate "2025.09.21"]

1. d4 Nf6 2. c4 e6 3. Nf3 b6 4. g3 Bb7 5. Bg2 Bb4+ 6. Bd2 c5 7. d5 exd5 8. Nh4
O-O 9. Nc3 Bxc3 10. Bxc3 Ne4 11. cxd5 Nxc3 12. bxc3 d6 13. O-O Nd7 14. e4 g6 15.
f4 Re8 16. Qa4 a6 17. Qc2 b5 18. Nf3 a5 19. h4 Nf6 20. Rae1 Rb8 21. Ng5 h6 22.
Nh3 Bc8 23. f5 gxf5 24. exf5 Rb7 25. Qd2 Rxe1 26. Rxe1 Re7 27. Rf1 Qf8 28. Qf4
Re5 29. g4 Qg7 30. g5 hxg5 31. hxg5 Nxd5 32. Qd2 Qh8 33. g6 Bxf5 34. Ng5 Bxg6
35. Bxd5 Qh6 36. Ne4 Qxd2 0-1

[Event "62nd ch-IND 2025"]
[Site "Guntur IND"]
[Date "2025.09.26"]
[Round "6.23"]
[White "Nirvan Bhamidi"]
[Black "Vignesh Advaith Vemula"]
[Result "1/2-1/2"]
[WhiteElo "2098"]
[BlackElo "2431"]
[WhiteFideId "33386722"]
[BlackFideId "25792059"]
[EventDate "2025.09.21"]

1. e4 c5 2. Nf3 d6 3. d4 cxd4 4. Nxd4 Nf6 5. Nc3 a6 6. Be3 e5 7. Nb3 Be6 8. f3
h5 9. Qd2 Nbd7 10. Nd5 Bxd5 11. exd5 Qc7 12. O-O-O Be7 13. Kb1 O-O 14. Be2 Rfc8
15. c4 a5 16. g4 a4 17. Na1 hxg4 18. fxg4 a3 19. b3 Nc5 20. Qc2 b5 21. g5 Nfe4
22. Bxc5 Nxc5 23. h4 Qa5 24. Rc1 bxc4 25. Bxc4 Rab8 26. Rhf1 e4 27. Qf2 Rf8 28.
Qe3 f5 29. Nc2 f4 30. Rxf4 Rxf4 31. Qxf4 Qc3 32. Nxa3 Qb4 33. Nb5 Rxb5 34. g6
Bf6 35. Bxb5 Qxb5 36. Qxd6 Qd3+ 37. Rc2 Qd1+ 38. Rc1 Qd3+ 39. Rc2 Qd1+ 1/2-1/2

[Event "62nd ch-IND 2025"]
[Site "Guntur IND"]
[Date "2025.09.26"]
[Round "6.24"]
[White "Srihari, L"]
[Black "Ayaan Garg"]
[Result "0-1"]
[WhiteTitle "IM"]
[WhiteElo "2373"]
[BlackElo "2091"]
[WhiteFideId "46642056"]
[BlackFideId "25182242"]
[EventDate "2025.09.21"]

1. e4 c6 2. d4 d5 3. e5 Bf5 4. Ne2 e6 5. Ng3 Bg6 6. h4 h5 7. c4 Ne7 8. Nc3 Nd7
9. Bg5 Qb6 10. Rc1 dxc4 11. Bxc4 Rd8 12. Bf4 Nf5 13. Nge2 Be7 14. g3 Qb4 15. Bd3
Nxd4 16. Nxd4 Bxd3 17. Qxd3 Nc5 18. Qe3 Qxd4 19. Rd1 Nd3+ 20. Ke2 Nxf4+ 21. gxf4
Qxe3+ 22. fxe3 Rxd1 23. Nxd1 f6 24. Nf2 fxe5 25. fxe5 Rf8 26. Nd3 Rf5 27. Rg1
Bf8 28. Rc1 Kd7 29. Rd1 Kc7 30. e4 Rf7 31. Ke3 Be7 32. Rg1 b6 33. Rg2 Bxh4 34.
Nf4 Kd7 35. Nxh5 Be7 36. Nxg7 Bc5+ 37. Kd3 Rf3+ 38. Kc4 Bf8 39. Rd2+ Ke7 40. Nh5
Kf7 41. Rd3 Rxd3 42. Kxd3 Bg7 43. Nxg7 Kxg7 44. a4 Kf7 45. b4 Ke7 46. Kd4 Kd7
47. Kd3 b5 48. a5 c5 49. Kc3 cxb4+ 50. Kxb4 Kc6 0-1

[Event "62nd ch-IND 2025"]
[Site "Guntur IND"]
[Date "2025.09.26"]
[Round "6.25"]
[White "Medhvansh Madeti"]
[Black "Ritviz, Parab"]
[Result "0-1"]
[BlackTitle "IM"]
[WhiteElo "2090"]
[BlackElo "2372"]
[WhiteFideId "25938380"]
[BlackFideId "5073367"]
[EventDate "2025.09.21"]

1. e4 g6 2. d4 Bg7 3. Nc3 d6 4. Be3 a6 5. g4 b5 6. Bg2 b4 7. Nd5 Nc6 8. e5 dxe5
9. Nxb4 Nxb4 10. Bxa8 exd4 11. a3 Bxg4 12. Bf3 Bxf3 13. Nxf3 Nc6 14. Bf4 e5 15.
Qe2 Qd5 16. O-O Nge7 17. Bd2 e4 18. Nh4 g5 19. Ng2 Ne5 20. Ne1 g4 21. Qxa6 O-O
22. Qa5 c5 23. Bf4 Nc4 24. Qc7 Ng6 25. Ng2 e3 26. fxe3 dxe3 27. c3 e2 28. Rfe1
Qf3 29. Bg3 Ne3 30. Nxe3 Qxe3+ 31. Kg2 Qf3+ 32. Kg1 Bh6 33. Rxe2 Qxe2 34. Qb7
Rd8 35. Re1 Rd1 36. Rxd1 Be3+ 37. Bf2 Bxf2+ 38. Kg2 Nf4+ 39. Kh1 Qxd1# 0-1

[Event "62nd ch-IND 2025"]
[Site "Guntur IND"]
[Date "2025.09.26"]
[Round "6.26"]
[White "Nayak, Rajesh"]
[Black "Shourya Paul"]
[Result "1-0"]
[WhiteTitle "FM"]
[WhiteElo "2352"]
[BlackElo "2090"]
[WhiteFideId "35017152"]
[BlackFideId "25155490"]
[EventDate "2025.09.21"]

1. e4 e5 2. Bc4 Nf6 3. d3 c6 4. Nf3 d5 5. Bb3 a5 6. a4 Bb4+ 7. Bd2 Bxd2+ 8.
Nbxd2 Qc7 9. O-O O-O 10. Re1 Re8 11. d4 Bg4 12. dxe5 Bxf3 13. Nxf3 Nxe4 14. c4
dxc4 15. Bxc4 Nc5 16. Ng5 Ne6 17. Bxe6 fxe6 18. Nxh7 Nd7 19. Qh5 Nf8 20. Ng5 g6
21. Qh6 Qg7 22. Qxg7+ Kxg7 23. Ne4 Nd7 24. Nd6 Red8 25. Rad1 Nc5 26. Rd4 Rd7 27.
Rc1 b6 28. Rc3 Rad8 29. Kf1 Rh8 30. Rxc5 bxc5 31. Ne8+ Kf8 32. Rxd7 Kxe8 33. Rd6
Rxh2 34. Rxc6 Rh1+ 35. Ke2 Rb1 36. Rxe6+ Kd7 37. Rd6+ Ke7 38. Rb6 c4 39. Rb5 Ra1
40. Rxa5 Ra2 41. Ke3 Rxb2 42. Rc5 Rb3+ 43. Kd4 Rb2 44. f4 Rxg2 45. Rxc4 Rg4 46.
Kd5 g5 47. f5 1-0

[Event "62nd ch-IND 2025"]
[Site "Guntur IND"]
[Date "2025.09.26"]
[Round "6.27"]
[White "Sriram, Jha"]
[Black "Abhishek T M"]
[Result "1-0"]
[WhiteTitle "GM"]
[WhiteElo "2322"]
[BlackElo "2077"]
[WhiteFideId "5001668"]
[BlackFideId "35048252"]
[EventDate "2025.09.21"]

1. d4 Nf6 2. c4 e6 3. Nf3 b6 4. a3 Bb7 5. Nc3 d5 6. cxd5 Nxd5 7. e3 Be7 8. Bb5+
c6 9. Bd3 Nxc3 10. bxc3 Qc7 11. O-O c5 12. e4 O-O 13. Qe2 Nd7 14. Bd2 c4 15. Bc2
Rfc8 16. e5 Nf8 17. Ng5 Qd8 18. Qh5 Bxg5 19. Bxg5 f6 20. exf6 gxf6 21. Bh6 f5
22. Rfe1 Qe8 23. Qh3 Qf7 24. Re3 Ng6 25. Rae1 Bd5 26. Rg3 Kh8 27. Qh5 Rg8 28.
Bg5 Raf8 29. Bd1 Ne7 30. Qh4 Ng6 31. Qh6 Rg7 32. f4 Ne7 33. Bh5 Ng6 34. Bf3 Bxf3
35. Rxf3 Kg8 36. Rfe3 Re8 37. d5 e5 38. d6 e4 39. Rd1 Qd7 40. Bf6 Rf7 41. Qg5
Re6 42. Be5 h6 43. Qh5 Nxe5 44. fxe5 Rxe5 45. Qxh6 Rg7 46. Qf4 Re8 47. Rd5 Rf8
48. Rg3 Rf6 49. Qe5 Kf7 50. Rh3 Qe6 51. d7 Qxe5 52. d8=Q Rfg6 53. Rg3 Rxg3 54.
hxg3 Qxc3 55. Rxf5+ Ke6 56. Qd5+ Ke7 57. Re5+ Kf8 58. Qd8+ Kf7 59. Qe8+ Kf6 60.
Qe6# 1-0

[Event "62nd ch-IND 2025"]
[Site "Guntur IND"]
[Date "2025.09.26"]
[Round "6.28"]
[White "Swain, Ashirwad"]
[Black "Utsab, Chatterjee"]
[Result "0-1"]
[BlackTitle "IM"]
[WhiteElo "2087"]
[BlackElo "2299"]
[WhiteFideId "25092022"]
[BlackFideId "46609148"]
[EventDate "2025.09.21"]

1. e4 c5 2. Nf3 d6 3. d4 cxd4 4. Nxd4 Nf6 5. Nc3 a6 6. Bg5 Nbd7 7. Qe2 h6 8. Bh4
g6 9. f4 e5 10. fxe5 dxe5 11. O-O-O Qc7 12. Nb3 b5 13. Kb1 Bg7 14. g4 O-O 15. g5
hxg5 16. Bxg5 Bb7 17. h4 Nh5 18. Bh3 Ndf6 19. Rhg1 Nf4 20. Bxf4 exf4 21. e5 Rae8
22. e6 b4 23. Na4 f3 24. Qd2 a5 25. Nac5 Ba8 26. h5 Ne4 27. Qd7 Qe5 28. Nd3 Qf6
29. exf7+ Qxf7 30. hxg6 Qxd7 31. Bxd7 Re7 32. Bb5 Rf5 33. Ndc5 Nxc5 34. Rd8+ Rf8
35. Bc4+ Ne6 36. Rd7 f2 37. Rf1 Rxd7 38. Bxe6+ Kh8 39. Bxd7 Bg2 0-1

[Event "62nd ch-IND 2025"]
[Site "Guntur IND"]
[Date "2025.09.26"]
[Round "6.29"]
[White "Vignesh, B"]
[Black "Srijon Saha"]
[Result "1-0"]
[WhiteElo "2288"]
[BlackElo "2076"]
[WhiteFideId "35051555"]
[BlackFideId "33442215"]
[EventDate "2025.09.21"]

1. e4 e5 2. Nf3 Nc6 3. Bb5 Nf6 4. d3 Bc5 5. c3 O-O 6. O-O d5 7. Nbd2 dxe4 8.
dxe4 Qe7 9. Qe2 Bd7 10. Nb3 Bb6 11. Bg5 a6 12. Bc4 h6 13. Bh4 Be6 14. Nbd2 Rad8
15. Bxe6 Qxe6 16. Nc4 Ba7 17. a4 g5 18. Bg3 Nd7 19. h4 f6 20. b4 Ne7 21. Nh2 Kg7
22. Ng4 Ng6 23. Nce3 Ne7 24. Rad1 Qc6 25. Rd3 Nb6 26. Nxh6 Kxh6 27. hxg5+ fxg5
28. Ng4+ Kh7 29. Nxe5 Qe6 30. Qh5+ Kg8 31. Qxg5+ Kh7 32. Qh5+ Kg7 33. Rfd1 Rxd3
34. Rxd3 Qh6 35. Qg4+ Kh7 36. Qd1 Nbc8 37. Ng4 Qg5 38. Bxc7 Ng6 39. Rd5 Qh4 40.
g3 Qh3 41. Rd7+ Nce7 42. c4 a5 43. c5 Rf7 44. Bd6 Rg7 45. Nf6+ Kh8 46. Rd8+ Rg8
47. Bxe7 Nxe7 48. Nxg8 1-0

[Event "62nd ch-IND 2025"]
[Site "Guntur IND"]
[Date "2025.09.26"]
[Round "6.30"]
[White "Akshit, Kumar J"]
[Black "Kshatriya, Nitin Vekhande"]
[Result "0-1"]
[WhiteTitle "CM"]
[BlackTitle "FM"]
[WhiteElo "2074"]
[BlackElo "2285"]
[WhiteFideId "25097431"]
[BlackFideId "45075530"]
[EventDate "2025.09.21"]

1. e4 c5 2. Nf3 e6 3. d4 cxd4 4. Nxd4 a6 5. a3 Nf6 6. Nc3 Qc7 7. f4 d6 8. Be3
Be7 9. Qf3 e5 10. Nf5 Bxf5 11. exf5 Nbd7 12. g4 d5 13. g5 d4 14. gxf6 Nxf6 15.
Bd2 dxc3 16. Qxc3 Qxc3 17. Bxc3 exf4 18. O-O-O Ne4 19. Bxg7 Rg8 20. Bd4 O-O-O
21. Bc4 f3 22. Bxf7 Rg2 23. Be5 Bg5+ 24. Kb1 Rxd1+ 25. Rxd1 Nd2+ 26. Ka2 f2 27.
Be6+ Kd8 28. Bd5 Rg1 29. Bf6+ Ke8 30. Bxg5 Rxd1 0-1

[Event "62nd ch-IND 2025"]
[Site "Guntur IND"]
[Date "2025.09.26"]
[Round "6.31"]
[White "Sanjay, S Pillai"]
[Black "Aditya, Varun Gampa"]
[Result "0-1"]
[BlackTitle "FM"]
[WhiteElo "2074"]
[BlackElo "2273"]
[WhiteFideId "25043943"]
[BlackFideId "45066183"]
[EventDate "2025.09.21"]

1. e4 c5 2. Nf3 d6 3. Bb5+ Nd7 4. c4 Nf6 5. Nc3 a6 6. Ba4 e6 7. O-O Be7 8. d4
cxd4 9. Nxd4 Qc7 10. Qe2 O-O 11. Kh1 Ne5 12. Bb3 Bd7 13. f4 Nc6 14. Be3 Rac8 15.
g4 Nxd4 16. Bxd4 e5 17. fxe5 dxe5 18. Be3 Bxg4 19. Qg2 Bh5 20. Bg5 Qc6 21. Rf5
Bg6 22. Rxe5 Bd8 23. Nd5 Kh8 24. Bxf6 gxf6 25. Rf5 Bxf5 26. exf5 Rg8 27. Qd2 Bb6
28. Qh6 Bd4 29. Rd1 Be5 30. Rd3 Rg7 0-1

[Event "62nd ch-IND 2025"]
[Site "Guntur IND"]
[Date "2025.09.26"]
[Round "6.32"]
[White "Adhiraj Mitra"]
[Black "Harshit, Ranjan Sahu"]
[Result "0-1"]
[BlackTitle "CM"]
[WhiteElo "2064"]
[BlackElo "2258"]
[WhiteFideId "25128531"]
[BlackFideId "25638815"]
[EventDate "2025.09.21"]

1. e4 c5 2. Nf3 d6 3. d4 cxd4 4. Nxd4 Nf6 5. Nc3 g6 6. Be3 Bg7 7. f3 O-O 8. Qd2
Nc6 9. Bc4 Bd7 10. O-O-O Rb8 11. Bb3 Na5 12. Kb1 b5 13. h4 Nc4 14. Bxc4 bxc4 15.
Ka1 h5 16. Rb1 Kh7 17. Nde2 Qa5 18. a3 Rb7 19. Bd4 Rfb8 20. Qd1 Bc6 21. g4 hxg4
22. h5 g5 23. fxg4 e5 24. Be3 Nxe4 25. Nxe4 Bxe4 26. h6 Bh8 27. Ka2 Qa4 28. b3
cxb3+ 29. cxb3 Rxb3 30. Rxb3 Bxh1 31. Nc1 Qc4 0-1

[Event "62nd ch-IND 2025"]
[Site "Guntur IND"]
[Date "2025.09.26"]
[Round "6.33"]
[White "Kumaresh, A"]
[Black "Challa Saharsha"]
[Result "1/2-1/2"]
[WhiteTitle "CM"]
[WhiteElo "2256"]
[BlackElo "2014"]
[WhiteFideId "45022259"]
[BlackFideId "25168525"]
[EventDate "2025.09.21"]

1. e4 c6 2. d4 d5 3. e5 Bf5 4. Nd2 e6 5. Nb3 Nd7 6. Nf3 c5 7. dxc5 Bxc5 8. Nxc5
Nxc5 9. Bb5+ Nd7 10. O-O Ne7 11. Nd4 a6 12. Nxf5 Nxf5 13. Bd3 Ne7 14. Qh5 Ng6
15. f4 Qb6+ 16. Kh1 O-O 17. c3 f6 18. exf6 Nxf6 19. Qe2 Rae8 20. Be3 Qc6 21. Bd4
Ne4 22. Bxe4 dxe4 23. Qe3 Rf5 24. Kg1 Ref8 25. g3 e5 26. fxe5 Nxe5 27. Bxe5
Rxf1+ 28. Rxf1 Rxf1+ 29. Kxf1 Qb5+ 30. Ke1 Qxe5 31. Qd2 h6 32. Qd8+ Kh7 33. Qd4
Qf5 34. Kd2 Kh8 35. c4 Qf3 36. Qe3 Qh1 37. Kc3 Qxh2 38. Qf4 Qe2 39. Qf8+ Kh7 40.
Qf5+ 1/2-1/2

[Event "62nd ch-IND 2025"]
[Site "Guntur IND"]
[Date "2025.09.26"]
[Round "6.34"]
[White "Shreyash Singh"]
[Black "Nandish V S"]
[Result "1-0"]
[BlackTitle "CM"]
[WhiteElo "2065"]
[BlackElo "2252"]
[WhiteFideId "33426058"]
[BlackFideId "45084297"]
[EventDate "2025.09.21"]

1. e4 e5 2. Nf3 Nc6 3. Bb5 a6 4. Ba4 Bc5 5. c3 Nge7 6. O-O Ba7 7. d4 Ng6 8. Bg5
f6 9. Be3 O-O 10. Re1 d6 11. h3 Kh8 12. Nbd2 Bd7 13. Bc2 Nce7 14. Nf1 Qc8 15.
Ng3 a5 16. a4 c5 17. Rc1 Rb8 18. dxe5 dxe5 19. Nd2 Be6 20. Bb3 b5 21. Bxe6 Qxe6
22. axb5 Rxb5 23. Qa4 Rxb2 24. Qxa5 Rb7 25. Rb1 Rd7 26. Qa4 Nf4 27. Qc4 Qc6 28.
Nb3 Rc7 29. Ra1 Qe8 30. Nf5 Qg6 31. Bxf4 exf4 32. Qe6 Nc6 33. Qd6 Rcc8 34. Qxf4
Bb8 35. Qe3 c4 36. Nbd4 Qf7 37. Nxc6 Rxc6 38. Rad1 Qc7 39. g3 Re8 40. Rd5 Rce6
41. Red1 Qc6 42. Rd8 g6 43. Qh6 gxf5 44. R1d7 Re7 45. Rxe8+ Rxe8 46. Qg7# 1-0

[Event "62nd ch-IND 2025"]
[Site "Guntur IND"]
[Date "2025.09.26"]
[Round "6.35"]
[White "Yohan Yadav Tarala"]
[Black "Venkatesh Das"]
[Result "1-0"]
[WhiteTitle "CM"]
[WhiteElo "2246"]
[BlackElo "2013"]
[WhiteFideId "33385300"]
[BlackFideId "25943316"]
[EventDate "2025.09.21"]

1. Nf3 d5 2. b3 Nf6 3. Bb2 e6 4. c4 c5 5. e3 Nc6 6. cxd5 exd5 7. d4 cxd4 8. Nxd4
Bb4+ 9. Bc3 Bc5 10. Nxc6 bxc6 11. Bd3 O-O 12. O-O Bd6 13. Nd2 Re8 14. h3 Bc7 15.
Re1 Qd6 16. f4 Qe7 17. Kh1 Bb6 18. Qf3 d4 19. Bxd4 Bxd4 20. exd4 Qxe1+ 21. Rxe1
Rxe1+ 22. Kh2 Bd7 23. Nc4 Ra1 24. Qf2 Be6 25. Na3 c5 26. Bb1 Bxb3 27. Qb2 Rxb1
28. Qxb1 Bd5 29. dxc5 Rc8 30. Nb5 Rxc5 31. Nc7 h5 32. Qb8+ Kh7 33. Qxa7 Nd7 34.
Nxd5 Rxd5 35. a4 f5 36. a5 Rd1 37. a6 Nf6 38. Qb7 h4 39. a7 Ne4 40. a8=Q Ng3 41.
Qg8+ Kxg8 42. Qb3+ Kh7 43. Qxd1 g6 44. Qd8 1-0

[Event "62nd ch-IND 2025"]
[Site "Guntur IND"]
[Date "2025.09.26"]
[Round "6.36"]
[White "Bhat Sannidhi Ramakrishna"]
[Black "Ankit Ray"]
[Result "0-1"]
[BlackTitle "FM"]
[WhiteElo "2060"]
[BlackElo "2221"]
[WhiteFideId "25792695"]
[BlackFideId "25770624"]
[EventDate "2025.09.21"]

1. d4 Nf6 2. Nf3 e6 3. Bf4 c5 4. e3 d5 5. Nbd2 Nc6 6. c3 Be7 7. Ne5 Nxe5 8. dxe5
Nd7 9. h4 Qc7 10. Qg4 g6 11. Qg3 b6 12. c4 Bb7 13. Rc1 h6 14. cxd5 Bxd5 15. e4
Bc6 16. Qe3 Nxe5 17. Qc3 f6 18. Bc4 Kf7 19. Rh3 Bd6 20. Bb3 Nd3+ 21. Rxd3 Bxf4
22. g3 Be5 23. Qc4 Rhe8 24. Nf3 Bxb2 25. Rcd1 Be5 26. Nxe5+ Qxe5 27. Rd6 Qxe4+
28. Qxe4 Bxe4 29. Rxe6 Bd5 30. Bxd5 Rxe6+ 31. Kf1 Re8 32. Re1 f5 33. Re3 Kf6 34.
Bxe6 Rxe6 35. Ra3 Re7 36. Rc3 Ke5 37. Re3+ Kd6 38. Rd3+ Kc6 39. Rd8 h5 40. Rg8
Re6 41. a4 Kd5 42. Rg7 a6 43. Ra7 b5 44. axb5 axb5 45. Rb7 b4 46. Rd7+ Kc4 47.
Rb7 Kc3 48. f3 b3 49. Rc7 b2 0-1

[Event "62nd ch-IND 2025"]
[Site "Guntur IND"]
[Date "2025.09.26"]
[Round "6.37"]
[White "Joel Paul Ganta"]
[Black "Pattnayak, Nilsu"]
[Result "1-0"]
[WhiteTitle "CM"]
[WhiteElo "2050"]
[BlackElo "2202"]
[WhiteFideId "35066145"]
[BlackFideId "35043943"]
[EventDate "2025.09.21"]

1. c4 d6 2. Nc3 Nf6 3. d4 e5 4. Nf3 Nbd7 5. g3 g6 6. Bg2 Bg7 7. O-O O-O 8. b3
Re8 9. Bb2 h6 10. e3 c6 11. dxe5 dxe5 12. Qc2 Nc5 13. Rfd1 Qb6 14. e4 Bg4 15. h3
Bxf3 16. Bxf3 Nh7 17. h4 Nf8 18. Bg4 Nfe6 19. Bxe6 Nxe6 20. Ne2 a5 21. Kg2 Rad8
22. Rac1 Qc5 23. Rxd8 Rxd8 24. Rd1 Nd4 25. Bxd4 exd4 26. Nf4 Qe7 27. Re1 b6 28.
e5 g5 29. hxg5 hxg5 30. Nd3 c5 31. Qe2 f6 32. exf6 Qxf6 33. Qe6+ Qxe6 34. Rxe6
Rb8 35. Rg6 Kf7 36. Rxg5 Re8 37. Kf3 Rh8 38. Rd5 Ke7 39. Kg2 Rh6 40. Nf4 Rc6 41.
g4 Rc8 42. g5 a4 43. Nh5 Bh8 44. f4 axb3 45. axb3 b5 46. f5 bxc4 47. bxc4 d3 48.
f6+ Kf7 49. Nf4 Bxf6 50. gxf6 Kxf6 51. Nxd3 Rh8 52. Rxc5 Ke6 53. Kf3 Kd6 54.
Rd5+ Kc6 55. Ke4 Rh4+ 56. Nf4 Rg4 57. Rf5 Rg1 58. Nd3 Rh1 59. Rf6+ Kc7 60. c5
Rh5 61. Ne5 Rh1 62. Rf7+ Kc8 63. Kd5 Rd1+ 64. Kc6 Kb8 65. Nd7+ Ka7 66. Nb6+ Ka6
67. Rf4 1-0